| 000 | 02726cam a2200721 i 4500 | ||
|---|---|---|---|
| 020 | _a0060443448 | ||
| 082 | 0 |
_a624.1821 _bMCC _cL-20, P-63 |
|
| 100 | 1 |
_aMcCormac, Jack C. _91288 |
|
| 245 | 1 | 0 |
_aStructural steel design / _cJack C. McCormac. |
| 250 | _a3d ed. | ||
| 260 |
_aNew York : _bHarper & Row, _cc1981. |
||
| 300 |
_avii, 662 p. : _bill. ; _c24 cm. |
||
| 526 |
_a0 _b0 _c0 _d624_182100000000000_MCC |
||
| 526 |
_a0 _b0 _c0 _d624_182100000000000_MCC |
||
| 526 |
_a0 _b0 _c0 _d624_182100000000000_MCC |
||
| 526 |
_a0 _b0 _c0 _d624_182100000000000_MCC |
||
| 526 |
_a0 _b0 _c0 _d624_182100000000000_MCC |
||
| 526 |
_a0 _b0 _c0 _d624_182100000000000_MCC |
||
| 526 |
_a0 _b0 _c0 _d624_182100000000000_MCC |
||
| 526 |
_a0 _b0 _c0 _d624_182100000000000_MCC |
||
| 526 |
_a0 _b0 _c0 _d624_182100000000000_MCC |
||
| 526 |
_a0 _b0 _c0 _d624_182100000000000_MCC |
||
| 526 |
_a0 _b0 _c0 _d624_182100000000000_MCC |
||
| 526 |
_a0 _b0 _c0 _d624_182100000000000_MCC |
||
| 526 |
_a0 _b0 _c0 _d624_182100000000000_MCC |
||
| 526 |
_a0 _b0 _c0 _d624_182100000000000_MCC |
||
| 526 |
_a0 _b0 _c0 _d624_182100000000000_MCC |
||
| 526 |
_a0 _b0 _c0 _d624_182100000000000_MCC |
||
| 526 |
_a0 _b0 _c0 _d624_182100000000000_MCC |
||
| 526 |
_a0 _b0 _c0 _d624_182100000000000_MCC |
||
| 526 |
_a0 _b0 _c0 _d624_182100000000000_MCC |
||
| 526 |
_a0 _b0 _c0 _d624_182100000000000_MCC |
||
| 526 |
_a0 _b0 _c0 _d624_182100000000000_MCC |
||
| 526 |
_a0 _b0 _c0 _d624_182100000000000_MCC |
||
| 526 |
_a0 _b0 _c0 _d624_182100000000000_MCC |
||
| 526 |
_a0 _b0 _c0 _d624_182100000000000_MCC |
||
| 526 |
_a0 _b0 _c0 _d624_182100000000000_MCC |
||
| 526 |
_a0 _b0 _c0 _d624_182100000000000_MCC |
||
| 526 |
_a0 _b0 _c0 _d624_182100000000000_MCC |
||
| 526 |
_a0 _b0 _c0 _d624_182100000000000_MCC |
||
| 526 |
_a0 _b0 _c0 _d624_182100000000000_MCC |
||
| 526 |
_a0 _b0 _c0 _d624_182100000000000_MCC |
||
| 526 |
_a0 _b0 _c0 _d624_182100000000000_MCC |
||
| 526 |
_a0 _b0 _c0 _d624_182100000000000_MCC |
||
| 526 |
_a0 _b0 _c0 _d624_182100000000000_MCC |
||
| 526 |
_a0 _b0 _c0 _d624_182100000000000_MCC |
||
| 526 |
_a0 _b0 _c0 _d624_182100000000000_MCC |
||
| 526 |
_a0 _b0 _c0 _d624_182100000000000_MCC |
||
| 526 |
_a0 _b0 _c0 _d624_182100000000000_MCC |
||
| 526 |
_a0 _b0 _c0 _d624_182100000000000_MCC |
||
| 526 |
_a0 _b0 _c0 _d624_182100000000000_MCC |
||
| 526 |
_a0 _b0 _c0 _d624_182100000000000_MCC |
||
| 526 |
_a0 _b0 _c0 _d624_182100000000000_MCC |
||
| 526 |
_a0 _b0 _c0 _d624_182100000000000_MCC |
||
| 526 |
_a0 _b0 _c0 _d624_182100000000000_MCC |
||
| 526 |
_a0 _b0 _c0 _d624_182100000000000_MCC |
||
| 526 |
_a0 _b0 _c0 _d624_182100000000000_MCC |
||
| 526 |
_a0 _b0 _c0 _d624_182100000000000_MCC |
||
| 650 | 0 | _aBuilding, Iron and steel. | |
| 650 | 0 |
_aMCE _9379 |
|
| 650 | 0 | _aSteel, Structural. | |
| 942 |
_2ddc _cBK |
||
| 999 |
_c546859 _d546859 |
||